000 02279cam a2200433 a 4500
001 ocn232536779
003 TZ-ArACH
005 20150429151037.0
008 080619s2009 enk b 001 0 eng
010 _a 2008027687
015 _aGBA8C6304
_2bnb
016 7 _a014794187
_2Uk
020 _a0521696143 (pbk.)
020 _a9780521696142 (pbk.)
035 _a(OCoLC)232536779
_z(OCoLC)269434440
_z(OCoLC)717315165
040 _aDLC
_beng
_cTZ-ArACH
_dYDXCP
_dBTCTA
_dC#P
_dCDX
_dBWX
_dUKM
_dIG#
_dIXA
_dMUQ
_dCHVBK
_dOCLCQ
_dCHRRO
_dMIX
_dTULIB
_dUKMGB
_dOCLCF
_dBEDGE
_dOCLCQ
041 _aEng
049 _aTZAA
050 0 0 _aK3585
_b.H57
082 0 0 _a344.04/6
_222
100 1 _aHiskes, Richard P.,
_d1951-
_916822
245 1 4 _aHuman right to a green future : environmental rights and intergenerational justice
_benvironmental rights and intergenerational justice /
_cRichard P. Hiskes.
260 _aCambridge ;
_aNew York :
_bCambridge University Press,
_c2009.
300 _ax, 171 p. ;
_c23 cm.
504 _aIncludes bibliographical references (p. 153-159) and index.
505 0 _aEnvironmental human rights and intergenerational justice -- Emergent human rights, identity, harms, and duties -- Reflexive reciprocity and intergenerational environmental justice -- Cosmopolitan ethics, communal reciprocity, and global environmentalism -- Toward a global consensus on environmental human rights -- Human rights as inheritance : instituting intergenerational environmental justice -- Conclusion : environmental justice and the emergent future of human rights.
650 0 _aEnvironmental law.
_916823
650 0 _aHuman rights.
_916824
650 6 _aEnvironnement
_xDroit.
_916825
650 6 _aDroits de l'homme (Droit international)
_916826
650 7 _aDroits de l'homme
_xEnvironnement
_xjustice
_xSociété (milieu humain)
_2rero
_916827
650 7 _aEnvironmental law.
_2fast
_916828
650 7 _aHuman rights.
_2fast
_916829
650 7 _aDroit de l'environnement.
_2eclas
_916830
650 7 _aDroits de l'homme.
_2eclas
_916831
856 4 1 _3Table of contents only
_uhttp://catdir.loc.gov/catdir/toc/ecip0821/2008027687.html
942 _2lcc
_cBOOK
999 _c3144
_d3144